000 00340 a2200157 4500
001 58005
020 _a9788526272262
040 _cAnchieta - Pituba
100 _aGalvão, Donizete
240 1 0 _aTraçados diversos
_lpor
245 1 0 _aTraçados diversos
300 _a197
362 0 _a2008
650 4 _aPoesia brasileira
942 _cBK
999 _c58005
_d58005